| 000 -LEADER |
| fixed length control field |
01732cam a22003857a 4500 |
| 001 - CONTROL NUMBER |
| control field |
16194518 |
| 005 - DATE AND TIME OF LATEST TRANSACTION |
| control field |
20170105102853.0 |
| 008 - FIXED-LENGTH DATA ELEMENTS--GENERAL INFORMATION |
| fixed length control field |
100420s2010 enkab b 001 0 eng d |
| 010 ## - LIBRARY OF CONGRESS CONTROL NUMBER |
| LC control number |
2010413357 |
| 020 ## - INTERNATIONAL STANDARD BOOK NUMBER |
| International Standard Book Number |
9781904955696 (pbk.) |
| 035 ## - SYSTEM CONTROL NUMBER |
| System control number |
(OCoLC)ocn505157407 |
| 040 ## - CATALOGING SOURCE |
| Original cataloging agency |
BWK |
| Transcribing agency |
BWK |
| Modifying agency |
CDX |
| -- |
YDXCP |
| -- |
WTU |
| -- |
DLC |
| 042 ## - AUTHENTICATION CODE |
| Authentication code |
lccopycat |
| 050 00 - LIBRARY OF CONGRESS CALL NUMBER |
| Classification number |
F2810 |
| Item number |
.K54 2010 |
| 082 00 - DEWEY DECIMAL CLASSIFICATION NUMBER |
| Classification number |
982/.11 |
| Edition number |
22 |
| 100 1# - MAIN ENTRY--PERSONAL NAME |
| Personal name |
Kinder, Thomas. |
| 245 10 - TITLE STATEMENT |
| Title |
War, revolution & society in the Rio de la Plata, 1808-1810 : |
| Remainder of title |
Thomas Kinder's narrative of a journey to Madeira, Montevideo and Buenos Aires / |
| Statement of responsibility, etc. |
edited and with an introduction by Malyn Newitt. |
| 246 3# - VARYING FORM OF TITLE |
| Title proper/short title |
War, revolution and society in the Rio de la Plata, 1808-1810 |
| 260 ## - PUBLICATION, DISTRIBUTION, ETC. |
| Place of publication, distribution, etc. |
Oxford : |
| Name of publisher, distributor, etc. |
Signal Books, |
| Date of publication, distribution, etc. |
2010. |
| 300 ## - PHYSICAL DESCRIPTION |
| Extent |
xi, 252 p. : |
| Other physical details |
ill., maps ; |
| Dimensions |
22 cm. |
| 500 ## - GENERAL NOTE |
| General note |
Includes 'The diary of Thomas Kinder.' |
| 504 ## - BIBLIOGRAPHY, ETC. NOTE |
| Bibliography, etc. note |
Includes bibliographical references (p. [235]-242) and index. |
| 600 10 - SUBJECT ADDED ENTRY--PERSONAL NAME |
| Personal name |
Kinder, Thomas |
| General subdivision |
Travel |
| Geographic subdivision |
Rio de la Plata (Argentina and Uruguay). |
| 651 #0 - SUBJECT ADDED ENTRY--GEOGRAPHIC NAME |
| Geographic name |
Rio de la Plata (Argentina and Uruguay) |
| General subdivision |
Social life and customs |
| Chronological subdivision |
19th century. |
| 651 #0 - SUBJECT ADDED ENTRY--GEOGRAPHIC NAME |
| Geographic name |
Rio de la Plata (Argentina and Uruguay) |
| General subdivision |
Description and travel |
| Chronological subdivision |
19th century. |
| 651 #0 - SUBJECT ADDED ENTRY--GEOGRAPHIC NAME |
| Geographic name |
Buenos Aires (Argentina) |
| General subdivision |
History |
| Chronological subdivision |
19th century. |
| 651 #0 - SUBJECT ADDED ENTRY--GEOGRAPHIC NAME |
| Geographic name |
Montevideo (Uruguay) |
| General subdivision |
History |
| Chronological subdivision |
19th century. |
| 651 #0 - SUBJECT ADDED ENTRY--GEOGRAPHIC NAME |
| Geographic name |
Argentina |
| General subdivision |
Politics and government |
| Chronological subdivision |
1776-1810. |
| 651 #0 - SUBJECT ADDED ENTRY--GEOGRAPHIC NAME |
| Geographic name |
Uruguay |
| General subdivision |
Politics and government |
| Chronological subdivision |
19th century. |
| 700 1# - ADDED ENTRY--PERSONAL NAME |
| Personal name |
Newitt, M. D. D. |
| 740 02 - ADDED ENTRY--UNCONTROLLED RELATED/ANALYTICAL TITLE |
| Uncontrolled related/analytical title |
Diary of Thomas Kinder. |
| 906 ## - LOCAL DATA ELEMENT F, LDF (RLIN) |
| a |
7 |
| b |
cbc |
| c |
copycat |
| d |
2 |
| e |
ncip |
| f |
20 |
| g |
y-gencatlg |
| 942 ## - ADDED ENTRY ELEMENTS (KOHA) |
| Source of classification or shelving scheme |
|
| Koha item type |
Book |